banner-ar

اكتشاف جزيرة العرب : (Record no. 6975)

MARC details
000 -الفاتح
حقل البيانات ثابتة الطول 00692nam a2200193Ia 4500
008 - عناصر البيانات ثابتة الطول - معلومات عامة
حقل البيانات ثابتة الطول 140319s9999 xx 000 0 ara d
040 ## - مصدر الفهرسة
وكالة الفهرسة الأصلية GCL /
وكالة النسخ GCL
082 04 - رقم تصنيف ديوى العشرى
رقم التصنيف 915.31
رقم المادة ب أ
100 1# - المدخل الرئيسى - إسم شخصى
الإسم الشخصى قدرى قلعجى
245 10 - بيان العنوان
العنوان اكتشاف جزيرة العرب :
بقية العنوان خمسة قرون من المغامرة و العلم /
بيان المسئوليه,etc قدرى قلعجى
700 1# - المدخل الاضافى - اسم شخصى
الإسم الشخصى بيرين ، جاكلين
250 ## - بيان الطبعة
بيان الطبعة الاولى
300 ## - الوصف المادى
التعداد 440 ص ؛
أبعاد الوعاء 24 سم
650 04 - المدخل الاضافى بالموضوع-مصطلح موضوعى
مصطلح موضوعي السعودية - وصف ورحلات
650 04 - المدخل الاضافى بالموضوع-مصطلح موضوعى
مصطلح موضوعي شبه الجزيرة العربية - تاريخ - العصر الحديث
942 ## - عناصر المدخل الإضافي( كوها)
مصدر التصنيف او مخطط الترفيف Dewey Decimal Classification
Koha [default] item type كتاب
260 ## - PUBLICATION, DISTRIBUTION, ETC. (IMPRINT)
-- بيروت :
-- دار الكاتب العربى
Holdings
حالة التراجع حالة الفقد حالة تلف ليس للاعارة المكان المؤقت الموقع الحالى تاريخ الاكتساب اجمالي اﻻعارات رقم الطلب الباركود تاريخ اخر مشاهدة تاريخ تفعيل السعر نوع وعاء كوها
        مكتبة القاهرة الكبرى مكتبة القاهرة الكبرى 03/26/2014   915.31\ ب أ 14580 03/26/2014 03/26/2014 كتاب

Powered By

EGPV